Statistics for Champions League Champions Best Scorer

Click here to take the quiz!

General Stats

  • This quiz has been taken 65 times
    (15 since last reset)
  • The average score is 14 of 26

Answer Stats

Scorer % Correct
Robert Lewandowski
100%
Cristiano Ronaldo
100%
Lionel Messi
100%
Mohamed Salah
100%
Ronaldinho
92%
Thomas Müller
92%
Didier Drogba
92%
Neymar
85%
Raúl
77%
Kaká
77%
Diego Milito
77%
Filippo Inzaghi
69%
Alessandro Del Piero
62%
Dwight Yorke
38%
Jean-Pierre Papin
38%
Giovane Élber
31%
Luis García
31%
Daniele Massaro
23%
Karl-Heinz Riedle
23%
Alen Bokšić
15%
Davor Šuker
15%
Jari Litmanen
15%
Fernando Morientes
15%
Benni McCarthy
15%
Lars Ricken
8%
Franck Sauzée
8%

Score Distribution

Percentile by Number Answered

Percent of People with Each Score

Your Score History

You have not taken this quiz since the last reset